| 000 | 00604nam a2200193Ia 4500 | ||
|---|---|---|---|
| 003 | GCL | ||
| 008 | 140319s9999 xx 000 0 ara d | ||
| 040 |
_aGCL / _cGCL |
||
| 082 | 0 | 4 |
_a720.9 _bص م |
| 100 | 1 | _aصالح لمعى مصطفى | |
| 245 | 1 | 0 |
_aالمدينة المنورة : تطورها العمرانى وتراثها المعمارى / _cصالح لمعى مصطفى |
| 300 | _a356 ص | ||
| 490 | _a | ||
| 650 | 0 | 4 | _aتاريخ |
| 650 | 0 | 4 | _aالعمارة الاسلامية |
| 650 | 0 | 4 | _aالاثار الاسلامية |
| 650 | 0 | 4 | _aالمدينة المنورة |
| 942 |
_2ddc _cBK |
||
| 999 |
_c37866 _d37866 |
||